LA TRATA DE BLANCAS/

TRADUCCION DE: LE TRAFIC DES FEMMES

Enregistré dans:
Détails bibliographiques
Auteur principal: Philippon, Odette (autor)
Format: Livre
Sujets:
Tags: Ajouter un tag
Pas de tags, Soyez le premier à ajouter un tag!

MARC

LEADER 00000nam^a2200000^a^4500
001 000225858
005 20250521000000.0
009 20260310104143.372
035 |a 044214 
037 |a Acervo Xavier Clavigero 
082 |a 364. 1534  |b PHI 
100 |a Philippon, Odette  |e (autor) 
245 1 3 |a LA TRATA DE BLANCAS/  |c ODETTE PHILIPPON; TR. M. BORY DE SPINETTO 
264 |a BUENOS AIRES :  |b S/E,  |c 1959 
300 |a 216p. 
336 |a texto  |b txt  |2 rdacontenido 
337 |a sin mediación  |b n  |2 rdamedio 
338 |a volumen  |b nc  |2 rdasoporte 
520 |a TRADUCCION DE: LE TRAFIC DES FEMMES 
649 |a XX 
650 |a Prostitución 
650 |a MUJERES -  |x PROBLEMAS SOCIALES Y MORALES 
650 |a PROXENETAS 
910 |a Fondo General 
920 |a Impresos - Libros 
930 |a Colección General 
905 |a 101 
901 |a 044214  |b IT1  |c ACC  |i 044214  |u 20250521 
902 |a https://opac.biblio.iteso.mx/vufind/Record/000225858